Geografía económica de Chile
Sparad:
| Institutionell upphovsman: | |
|---|---|
| Materialtyp: | Bok |
| Språk: | spanska |
| Publicerad: |
Santiago
CORFO
1965
|
| Upplaga: | 1a. ed |
| Ämnen: | |
| Taggar: |
Lägg till en tagg
Inga taggar, Lägg till första taggen!
|
MARC
| LEADER | 00000cam a2200000 a 4500 | ||
|---|---|---|---|
| 001 | UCE0267 | ||
| 003 | CL-VaPUC | ||
| 008 | 140109e19650000cl |||||||||||||||||spa|d | ||
| 082 | 0 | 4 | |a 330.983 |b COR |2 21 |
| 110 | 2 | |a Corporación de Fomento de la Producción |e author |9 572639 | |
| 245 | 1 | 0 | |a Geografía económica de Chile |
| 250 | |a 1a. ed | ||
| 300 | |a 885 P | ||
| 942 | |c BK | ||
| 945 | |d 20140109 11:50:00 |a dcastane | ||
| 260 | |a Santiago |b CORFO |c 1965 | ||
| 650 | 0 | |a Geografía económica |9 267757 | |
| 650 | 0 | |a Desarrollo económico y social |9 256320 | |
| 650 | 0 | |a Industrialización |9 263687 | |
| 583 | |a last modification |c 20140109 11:50:00 |k Rodrigo Vera | ||
| 999 | |c 354469 |d 354467 | ||
| 952 | |0 0 |1 0 |3 erd |4 0 |6 330_983000000000000_COR_1965 |7 0 |8 A |9 460368 |a BIBING |b BIBING |i 5046157 |o 330.983 COR 1965 |p 5046157 |r 2025-01-20 |w 2019-11-23 |y BK |z Catalogado en:20140109 |k GEO | ||